Teaching english as an international language
Uloženo v:
| Hlavní autor: | |
|---|---|
| Médium: | Kniha |
| Jazyk: | angličtina |
| Vydáno: |
Oxford
Oxford University Press
2002
|
| Vydání: | 1a. ed |
| Edice: | Oxford handbooks for Language Teachers
|
| Témata: | |
| Tagy: |
Přidat tag
Žádné tagy, Buďte první, kdo vytvoří štítek k tomuto záznamu!
|
MARC
| LEADER | 00000nam a2200000 a 4500 | ||
|---|---|---|---|
| 001 | UCH0613 | ||
| 003 | CL-VaPUC | ||
| 008 | 090320e20020000UK |||||||||||||||||eng|d | ||
| 020 | |a 9780194373647 | ||
| 082 | 0 | 4 | |a 372.6521 |b MAC |2 21 |
| 100 | |a McKay, Sandra Lee |e autora |9 534863 | ||
| 245 | 1 | 0 | |a Teaching english as an international language |
| 250 | |a 1a. ed | ||
| 300 | |a 150 p | ||
| 942 | |c BK | ||
| 945 | |d 20090320 00:00:00 |a rbrito | ||
| 260 | |a Oxford |b Oxford University Press |c 2002 | ||
| 650 | 0 | |a Inglés |9 260023 | |
| 650 | 0 | |a Enseñanza de idiomas |9 339820 | |
| 650 | 0 | |a Métodos de enseñanza |9 270413 | |
| 583 | |a last modification |c 20170823 05:16:39 |k Rodrigo Vera | ||
| 490 | 0 | |a Oxford handbooks for Language Teachers | |
| 999 | |c 332895 |d 332893 | ||
| 952 | |0 0 |1 0 |4 0 |6 372_652100000000000_MAC_2002 |7 0 |8 A |9 420945 |a BIBEDU |b BIBEDU |d 2019-11-22 |i 4520971 |o 372.6521 MAC 2002 |p 4520971 |r 2019-11-22 |w 2019-11-22 |y BK |k LIT | ||
| 952 | |0 0 |1 0 |4 0 |6 372_652100000000000_MAC_2002 |7 0 |8 A |9 420946 |a BIBEDU |b BIBEDU |d 2019-11-22 |i 452098K |o 372.6521 MAC 2002 |p 452098K |r 2019-11-22 |w 2019-11-22 |y BK |k LIT | ||